Normal view
MARC view
- المجاعات - مصر - احوال اقتصادية - تاريخ
Entry Topical Term
001 - CONTROL NUMBER
- control field: 29999
003 - CONTROL NUMBER IDENTIFIER
- control field: JO-AjAnu
005 - DATE AND TIME OF LATEST TRANSACTION
- control field: 20230606075051.0
008 - FIXED-LENGTH DATA ELEMENTS
- fixed length control field: 230606|| aca||aabn | a|a d
040 ## - CATALOGING SOURCE
- Original cataloging agency: JO-AjAnu
- Transcribing agency: JO-AjAnu
150 ## - HEADING--TOPICAL TERM
- Topical term or geographic name entry element: المجاعات - مصر - احوال اقتصادية - تاريخ
670 ## - SOURCE DATA FOUND
- Source citation: Work cat.: (JO-AjAnu)15405: المقربزي، تقي الدين أبي العباس أحمد بن علي؛ دراسة وتحقيق كرم حلمي فرخات, author 29998, إغاثة الأمة بكشف الغمة